Elenco Campeão Libertadores 2013 Clube Atlético Mineiro - Statistics

Estatísticas Gerais
  • Esse quiz foi jogado 139 vezes
    132 desde o último reset
  • A pontuação média é 17 de 30
Estatísticas das Respostas
Posição Resposta % Correto
1 Goleiro Victor
100%
10 Meio Campo Ronaldinho / Ronaldinho Gaúcho
97%
7 Ataque
96%
3 Defesa Leonardo Silva / Léo Silva
95%
4 Defesa Réver
93%
9 Ataque Diego Tardelli
92%
11 Ataque Bernard
91%
2 Defesa Marcos Rocha
90%
8 Meio Campo Leandro Donizete
86%
5 Meio Campo Pierre
75%
27 Ataque Luan
71%
19 Ataque Alecsandro
69%
17 Meio Campo Guilherme
68%
20 Defesa Richarlyson
68%
15 Defesa Gilberto Silva
65%
12 Goleiro Giovanni
65%
28 Meio Campo Josué
62%
6 Defesa Júnior César
58%
18 Meio Campo Rosinei
37%
29 Defesa Michel
36%
21 Ataque Neto Berola
34%
14 Defesa Rafael Marques
34%
23 Meio Campo Leleu
32%
24 Goleiro Lee
31%
26 Defesa Carlos César
23%
13 Ataque Araújo
22%
16 Meio Campo Serginho / Serginho Mineiro
12%
22 Meio Campo Morais
7%
25 Ataque Paulo Henrique
7%
30 Defesa Sidimar
7%
Nenhum quiz correspondente encontrado
Distribuição das Pontuações
Porcentagem de Pessoas com Cada Pontuação
Percentil de Números Respondidos
Sua Pontuação Histórica
Você não jogou esse quiz desde o último reset